[Event "Biel"]
[Site "17"]
[Date "1984.08.02"]
[Round "10"]
[White "Huebner, Robert"]
[Black "Ftacnik, Lubomir"]
[Result "1-0"]
[WhiteElo "2610"]
[BlackElo "2595"]
[Annotator "JvR"]
[PlyCount "285"]
[EventDate "1984.07.??"]
[SourceDate "2013.10.27"]

1. d4 Nf6 2. c4 g6 3. Nc3 d5 4. Nf3 Bg7 5. Bg5 Ne4 6. cxd5 Nxg5 7. Nxg5 c6 8.
dxc6 Nxc6 9. e3 e5 10. d5 Qxg5 11. dxc6 O-O 12. h4 Qe7 $5 13. Nd5 Qd6 (13...
Qc5 $2 14. Rc1 $1 Qa5+ 15. b4 Qxa2 $2 16. Bc4 Qb2 17. Rb1 Qa3 18. Ra1 Qb2 19.
Ra2 $18 {leads to domination (Hübner).}) 14. c7 $1 e4 $1 15. Bc4 Qc5 $6 ({
An improvement will become} 15... Bxb2 $5 16. Rb1 Be5 17. h5) 16. Qc2 b5 $6 ({
Better is} 16... Be6 17. O-O-O Rfc8 $1) 17. Bb3 Qxc2 18. Bxc2 Re8 19. O-O-O Bb7
20. Kb1 Rac8 21. h5 Re5 22. Bb3 Bxd5 23. Rxd5 Rxc7 24. Rxe5 Bxe5 25. Rh4 $1 Rd7
26. Rxe4 {White has gained a pawn in the endgame.} Bf6 27. hxg6 hxg6 28. Kc1
Rc7+ 29. Bc2 Kf8 30. a4 bxa4 31. Rxa4 Rb7 32. Ra2 Be7 33. Bd3 Bb4 34. Kd1 a5
35. b3 Rc7 36. Bc4 Kg7 37. Ke2 Kf6 38. f4 g5 39. g3 gxf4 40. gxf4 Ke7 41. e4 $1
{He advances.} f6 42. Kf3 Rd7 43. Rh2 Rd2 44. Rh7+ Kd8 45. Ra7 Rf2+ $5 46. Kg3
$1 {Exchange of rooks will draw.} Rd2 47. Kg4 Rh2 48. Ra6 Bc3 49. Rc6 Ke7 50.
Kg3 Rd2 51. Bd5 Bd4 52. Re6+ Kd7 53. Ra6 Bc3 54. Kf3 Ke7 55. Ra7+ Kd8 56. Kg4
Rf2 57. Bc6 Kc8 58. Bd7+ Kd8 59. Bb5 Rg2+ 60. Kf3 Rd2 61. Ra8+ Kc7 62. Re8 Bd4
63. Re6 Rb2 64. Ba4 Rf2+ 65. Kg3 Re2 66. Rc6+ Kb8 67. Rc4 Bb6 68. Kg4 Rg2+ 69.
Kf5 Rf2 70. e5 fxe5 71. Kxe5 Bc7+ 72. Kf5 Kb7 73. Kg4 Rg2+ 74. Kf3 Rd2 75. f5
Kc8 $2 (75... Rd6 $1 76. Kg4 Bd8 {stops the passed pawn.}) 76. Kg4 $1 Kd8 77.
Re4 Bd6 78. f6 $1 Rf2 79. Kg5 Rf3 80. Re8+ Kc7 81. Re7+ $1 Kb6 82. Kg6 Ba3 83.
Re2 Kc7 84. Re7+ Kd8 85. Rd7+ Kc8 86. Ra7 Rg3+ 87. Kh7 Rh3+ 88. Kg8 Rg3+ 89.
Kh7 $5 Rh3+ 90. Kg6 $5 Rg3+ 91. Kf5 Rf3+ 92. Kg5 Bb2 93. f7 $1 Ba3 94. Kg4 Kb8
95. Rd7 Rf6 96. Bb5 $1 Kc8 97. Ra7 Bb4 98. Bc4 Kb8 99. Rd7 $6 {
He is going to lose time.} (99. Kg5 $1 Rf2 100. Rd7 {wins for White.}) 99...
Kc8 100. Rd4 Kc7 101. Re4 Kd7 102. Re8 Be7 103. Ra8 Bb4 104. Kg5 Be7 $5 105.
Ra7+ $1 Kd8 106. Kg4 Bb4 107. Rb7 $6 Kc8 $6 108. Ra7 $6 (108. Bd5 $1 Rf1 109.
Rxb4 axb4 110. Bf3 {wins at once.}) 108... Kb8 109. Rd7 Kc8 110. Rd4 Kc7 111.
Re4 Kd8 112. Re8+ Kd7 113. Ra8 Ke7 114. Bd5 Kd7 115. Ra7+ Kd8 $6 116. Bc4 Kc8
117. Kg5 Rf3 118. Bd5 Rf1 119. Kg6 Rg1+ 120. Kh7 Rf1 121. Bc4 Rf3 122. Be6+ Kb8
123. Rd7 $1 Rf1 124. Rd5 $5 ({Better is} 124. Kg7 $1 Rg1+ 125. Kf6 Rf1+ 126.
Bf5) 124... Kc7 125. Rb5 Kd6 126. Bf5 Rh1+ 127. Kg8 Rg1+ 128. Kf8 Bc3 129. Rb6+
Kc5 130. Rb8 $5 Be5 131. Ke8 Bd6 132. Be6 Re1 133. Rc8+ Kb4 134. Rc4+ Kb5 135.
Kd7 Rd1 136. Re4 Rd2 137. Ke8 Rf2 138. Bd7+ $1 Kb6 (138... Kc5 $1 139. Rc4+ $1
Kd5 140. Bc6+ Ke6 141. Re4+ $1 Kf5 142. f8=Q+ $1 (142. Ra4 $2 Re2+ $1 143. Kd7
{draws due to the 50 moves rule.}) 142... Bxf8 143. Kxf8 Rc2 144. Rc4 Rxc4 145.
bxc4 Ke5 146. Ba4 Kd4 147. Bb3 Kc5 $1 148. Ke7 a4 149. Ba2 Kb4 150. Kd6 Ka3
151. Bb1 $1 Kb2 152. Kc5 Kxb1 153. Kb4 {(Hübner).}) 139. Re7 $1 Kc7 140. Be6+
Kc6 141. f8=Q Rxf8+ 142. Kxf8 Kc5 143. Bd7 {Hübner had won at last.} 1-0

[Event "Biel"]
[Site "17"]
[Date "1984.08.02"]
[Round "10"]
[White "Rogers, Ian"]
[Black "Hort, Vlastimil"]
[Result "0-1"]
[WhiteElo "2475"]
[BlackElo "2605"]
[Annotator "JvR"]
[PlyCount "80"]
[EventDate "1984.07.??"]
[SourceDate "2013.10.27"]

1. d4 Nf6 2. c4 g6 3. Nc3 d5 4. Nf3 Bg7 5. Bg5 Ne4 6. cxd5 Nxc3 7. bxc3 Qxd5 8.
Qb3 Be6 9. Qxd5 Bxd5 10. Nd2 f5 $5 (10... c5 {
was played in Mikenas - Landau, Kemeri 1937.}) 11. f3 h6 12. Bf4 c6 $5 13. e4
$1 fxe4 14. fxe4 Bf7 15. Bc4 O-O 16. O-O Nd7 17. Rab1 b5 18. Bxf7+ Rxf7 19. e5
$6 (19. Be3 $1 {keeps a plus (Rogers).}) 19... Nb6 $1 20. Ne4 Raf8 21. Bg3
Rxf1+ 22. Rxf1 Rxf1+ 23. Kxf1 {The chances are equal.} Kf7 24. Ke2 Na4 $1 25.
Kd3 Ke6 26. Nd2 h5 $1 27. Bf4 c5 28. c4 $2 ({Better is} 28. Nf3 c4+ 29. Kc2)
28... cxd4 $5 29. cxb5 $2 (29. Nf3 $1 Kf5 30. Bc1 $1 Bxe5 31. cxb5 Nc5+ 32. Kc4
$1 Ne6 33. a4 {fights for survival.}) 29... Kd5 $1 {Hort wins the ending.} 30.
Nf3 Nc5+ 31. Kc2 e6 32. Nh4 g5 $1 33. Bxg5 Bxe5 34. Nf3 Bd6 35. Bd8 e5 $1 36.
b6 axb6 37. Bxb6 e4 38. Ne1 d3+ 39. Kd1 Bxh2 40. Bxc5 Kxc5 {The final standings
became: Hübner and Hort 8/11, Kortschnoj 7, Lobron and Ostermeyer 61/2, Garcia
Gonzales, Cramling and Züger 5, Ftacnik 41/2, Eslon and Rogers 4, Gobet 21/2.}
0-1

[Event "Biel"]
[Site "18 Interzonal"]
[Date "1985.07.01"]
[Round "1"]
[White "Sokolov, Andrei"]
[Black "Sax, Gyula"]
[Result "1-0"]
[WhiteElo "2555"]
[BlackElo "2535"]
[Annotator "JvR"]
[PlyCount "57"]
[EventDate "1985.07.??"]
[SourceDate "2013.10.27"]

{An interzonal tournament occurred in Biel from 1 until 26 vii 1985. Eighteen
players aimed at four places in the candidates event.} 1. e4 c5 2. Nf3 d6 3. d4
cxd4 4. Nxd4 Nf6 5. Nc3 g6 6. Be2 Bg7 7. O-O Nc6 8. Nb3 O-O 9. Bg5 a6 10. a4
Be6 11. f4 Na5 12. Kh1 Rc8 13. Nxa5 Qxa5 14. Bd3 Rc5 $5 15. f5 $1 gxf5 16. Bd2
$1 Qc7 ({Not} 16... fxe4 $2 17. Nxe4) 17. exf5 Bc4 18. Be3 Rc6 19. Rf3 Kh8 $5 (
{The alternative is} 19... d5 20. Rg3 Kh8) 20. Qe2 Bxd3 21. cxd3 Rxc3 $2 ({
Better is} 21... Qd7 22. Raf1 d5 23. Bd4 Re8) 22. bxc3 Qxc3 23. Raf1 $5 Qe5 24.
Rh3 $5 Qd5 $6 (24... Rc8 25. Qf2 Kg8 26. Bg5 Qd5 27. Qh4 {
brings a strong attack by White.}) 25. Bg5 $1 Rg8 26. Rg3 b5 27. axb5 axb5 28.
Qxe7 $1 Re8 29. Bxf6 $1 {Andrei could charge like Tal.} ({The pointe is} 29.
Bxf6 Rxe7 30. Rxg7 Qxf5 31. Rg6+ {(Sokolov).}) 1-0

[Event "Biel"]
[Site "18 Interzonal"]
[Date "1985.07.01"]
[Round "1"]
[White "Vaganian, Rafael"]
[Black "Petursson, Margeir"]
[Result "1-0"]
[WhiteElo "2625"]
[BlackElo "2550"]
[Annotator "JvR"]
[PlyCount "113"]
[EventDate "1985.07.??"]
[SourceDate "2013.10.27"]

1. d4 d5 2. c4 e6 3. Nf3 c5 4. cxd5 exd5 5. g3 Nf6 6. Bg2 Be7 7. O-O O-O 8. Nc3
Nc6 9. Bg5 cxd4 10. Nxd4 Re8 11. Rc1 h6 12. Be3 Bg4 13. h3 Be6 14. Kh2 Qd7 15.
Nxc6 bxc6 16. Na4 Bf5 17. Bc5 Bd6 $5 ({Known is} 17... Be4) 18. e3 Be4 19. f3
Bg6 20. Qd2 h5 21. h4 Bxc5 $5 22. Nxc5 Qe7 23. Rc3 Bf5 24. Nb3 Bd7 25. Rfc1
Rac8 26. Qd4 Rb8 27. Qd2 Qb4 28. Re1 Rec8 29. Re2 Qb6 30. Nc5 Bf5 31. Qd4 Nd7
32. Rd2 Nxc5 33. Rxc5 a5 $6 34. Bf1 $6 (34. e4 $1 Be6 35. exd5 Bxd5 36. Qc3
Bxa2 37. Rxh5 {favours White.}) 34... Qb4 35. Be2 Rb6 36. Qxb4 $1 axb4 37. e4
$1 Be6 38. exd5 cxd5 $6 (38... Rd8 39. Bc4 cxd5 40. Rd4 Kf8 {defends a pawn.})
39. Rxc8+ Bxc8 40. Rxd5 {White gains a pawn.} Be6 41. Rd8+ Kh7 42. Bd3+ g6 43.
b3 Rc6 44. Rd4 $1 Bf5 $5 45. Bxf5 gxf5 46. g4 $5 (46. Rxb4 Rc2+ 47. Kh3 Rxa2
48. Rb6 Kg7 49. b4 Rf2 50. f4 Rb2 {will be hard to win for White.}) 46... fxg4
47. fxg4 hxg4 48. Rxg4 Rc2+ 49. Kg3 Rxa2 50. Rxb4 {
He has an extra pawn in the rook ending.} Kg6 51. Rb5 f5 $2 (51... Rd2 $1 52.
h5+ Kh6 53. Kf4 Rh2 {seems to draw.}) 52. Rb6+ $1 Kg7 (52... Kh5 53. Rf6 $1 Ra5
54. Kf4 $1 {wins for White.}) 53. h5 $1 Ra1 54. h6+ Kh7 55. b4 Rf1 56. b5 Kg8
57. Rf6 {Vaganian started well.} 1-0

[Event "Biel"]
[Site "18 Interzonal"]
[Date "1985.07.02"]
[Round "2"]
[White "Quinteros, Miguel"]
[Black "Sokolov, Andrei"]
[Result "0-1"]
[WhiteElo "2525"]
[BlackElo "2555"]
[Annotator "JvR"]
[PlyCount "64"]
[EventDate "1985.07.??"]
[SourceDate "2013.10.27"]

1. c4 Nf6 2. Nc3 c5 3. g3 d5 4. cxd5 Nxd5 5. Bg2 Nc7 6. Qb3 Nc6 7. Bxc6+ bxc6
8. Nf3 f6 9. Qa4 Bd7 10. d3 e5 11. Be3 Rb8 $5 (11... Nd5 12. Rc1 Be7 {
was played in Larsen - Frenkel, New York 1984.}) 12. O-O Nd5 (12... Rxb2 $5 13.
Rab1 Rxb1 14. Rxb1 Nb5 15. Nxb5 cxb5 16. Qxa7 Qc8 {is alright.}) 13. Rfc1 a5
14. Bd2 Rxb2 15. Ne4 Qb6 $1 16. Qxa5 $6 ({Preferable is} 16. Qc4 Be6 17. Nxc5)
16... Qxa5 17. Bxa5 Rxe2 $1 18. Nfd2 Bh3 $1 {He prevents 19.Kf1.} 19. a4 Be7
20. Nc4 O-O 21. Nc3 Nxc3 22. Rxc3 $5 f5 $5 23. Rca3 e4 24. Re1 Rxe1+ 25. Bxe1
Rb8 26. f4 $2 (26. dxe4 Rb1 27. Re3 fxe4 {(Sokolov)} 28. a5 Ra1 29. Rxe4 {
offers more resistance.}) 26... Bf6 27. Bc3 Rb1+ 28. Kf2 Bd4+ 29. Bxd4 cxd4 30.
a5 e3+ 31. Nxe3 Rb2+ 32. Kf3 h5 $1 {Sokolov won again.} 0-1

[Event "Biel"]
[Site "18 Interzonal"]
[Date "1985.07.02"]
[Round "2"]
[White "Sax, Gyula"]
[Black "Van der Wiel, John"]
[Result "0-1"]
[WhiteElo "2535"]
[BlackElo "2520"]
[Annotator "JvR"]
[PlyCount "50"]
[EventDate "1985.07.??"]
[SourceDate "2013.10.27"]

1. e4 c5 2. Nf3 d6 3. d4 cxd4 4. Nxd4 Nf6 5. Nc3 Nc6 6. Bg5 e6 7. Qd2 Be7 8.
O-O-O O-O 9. f4 h6 10. Bh4 e5 11. Nf5 Bxf5 12. exf5 exf4 13. Kb1 d5 14. Qxf4 d4
15. Bxf6 Bxf6 16. Ne4 Be5 17. Qf3 Rc8 18. Bc4 Na5 19. Bd3 $5 (19. Bb3 Nxb3 20.
cxb3 {was played in Matulovic - Ivanovic, Belgrade 1985.}) 19... Nc4 20. f6 $6
({More solid is} 20. Bxc4 Rxc4 21. Nd2) 20... g6 $1 21. h4 $5 Qb6 $1 22. Bxc4
Rxc4 23. h5 $2 (23. Rd2 $1 Rc3 $1 24. Rd3 Rxd3 25. Qxd3 {defends properly.})
23... d3 $1 24. c3 Rxe4 $1 25. Qxe4 Bxc3 $1 {
The success by Van der Wiel was the great surprise in the interzonal.} ({
The pointe is} 25... Bxc3 26. b3 Qf2) 0-1

[Event "Biel"]
[Site "18 Interzonal"]
[Date "1985.07.02"]
[Round "2"]
[White "Short, Nigel"]
[Black "Vaganian, Rafael"]
[Result "0-1"]
[WhiteElo "2575"]
[BlackElo "2625"]
[Annotator "JvR"]
[PlyCount "104"]
[EventDate "1985.07.??"]
[SourceDate "2013.10.27"]

1. d4 e6 2. e4 d5 3. Nc3 Bb4 4. e5 c5 5. a3 Ba5 6. b4 cxd4 7. Nb5 Bc7 8. f4 Bd7
9. Nf3 Ne7 10. Bb2 $5 Bxb5 $1 11. Bxb5+ Nbc6 12. Bd3 $5 (12. Bxd4 Bb6 13. c3 {
brings a level game (Suetin).}) 12... Bb6 {Black defends the extra pawn.} 13.
O-O a6 14. Kh1 h6 15. Qd2 O-O 16. a4 Qc7 17. b5 axb5 18. axb5 Na5 19. Bxd4 {
White equalises.} Nc4 20. Qb4 $1 Ng6 $5 21. g3 (21. Bxb6 Qxb6 22. Rxa8 Rxa8 23.
Bxc4 dxc4 24. Qxc4 Ne7 25. g3 {leads to little advantage for White.}) 21...
Rfc8 22. Rfc1 Ba5 $1 23. Qb3 Nf8 24. c3 Nd7 25. Ra2 $6 Nc5 $1 {
Vaganian takes the initiative.} 26. Bxc5 Qxc5 27. Nd4 Bb6 28. Qb1 Ne3 $1 29.
Re2 $2 ({Preferable is} 29. h3 Rxa2 30. Qxa2) 29... Qa3 $1 30. Nb3 ({
The pointe is} 30. Rxe3 Bxd4) 30... Rc7 31. h3 h5 $1 32. Kh2 h4 33. gxh4 ({Not
} 33. g4 $2 Qa4 $1 34. Nd4 Rxc3 $1 35. Rxc3 Qxd4 {(Vaganian).}) 33... Rac8 $1
34. Qa2 Qxa2 35. Rxa2 g6 36. Nd2 Rxc3 37. Rxc3 Rxc3 {Black has gained a pawn.}
38. Be2 Nf5 39. h5 Be3 40. hxg6 Bxf4+ 41. Kg1 Rg3+ 42. Kf2 Be3+ 43. Ke1 Rxg6
44. Bg4 Nd4 45. b6 Nc6 $1 46. Nf3 Bxb6 47. Rb2 Ba5+ 48. Ke2 Bc3 49. Rxb7 Nxe5
50. Nxe5 Bxe5 51. Bh5 Rf6 52. Bf3 Rf4 {Vaganian won again.} 0-1

[Event "Biel"]
[Site "18 Interzonal"]
[Date "1985.07.05"]
[Round "4"]
[White "Seirawan, Yasser"]
[Black "Jansa, Vlastimil"]
[Result "1-0"]
[WhiteElo "2570"]
[BlackElo "2480"]
[Annotator "JvR"]
[PlyCount "65"]
[EventDate "1985.07.??"]
[SourceDate "2013.10.27"]

1. c4 g6 2. Nc3 c5 3. g3 Bg7 4. Bg2 Nc6 5. a3 Rb8 6. Rb1 a6 7. Qa4 Nd4 8. b4 b5
9. cxb5 Nxb5 10. Nxb5 Rxb5 11. Nf3 Bb7 12. O-O $5 (12. Bb2 Bxb2 13. Rxb2 Nf6
14. O-O {happened in Seirawan - Schmidt, Indonesia 1983.}) 12... Nh6 $6 ({
Preferable is} 12... Nf6) 13. d3 cxb4 14. Rxb4 Rxb4 15. Qxb4 Bc6 16. Bg5 f6 17.
Be3 Nf7 18. Rb1 O-O 19. Bb6 Qa8 $5 20. Bc5 $5 (20. Qxe7 Re8 21. Qb4 Rxe2 {
regains the pawn immediately.}) 20... d6 21. Be3 Rc8 22. Ne1 Bxg2 23. Nxg2 e5
24. Bd2 d5 25. Ne3 Bf8 26. Qb3 Rd8 $6 (26... d4 $1 27. Nd5 Rc6 {equalises.})
27. Ba5 $1 Rd7 28. Qa4 Rb7 29. Bb6 $1 {The restriction increases.} Rb8 30. Qd7
$1 Qb7 $6 (30... Bd6 $5 31. Qe6 Re8 32. Qxd5 Bxa3 {offers more resistance.})
31. Nxd5 $1 Qxd7 $2 32. Nxf6+ Kg7 33. Nxd7 {Seirawan has gained two pawns.} 1-0

[Event "Biel"]
[Site "18 Interzonal"]
[Date "1985.07.10"]
[Round "7"]
[White "Partos, Charles"]
[Black "Seirawan, Yasser"]
[Result "0-1"]
[WhiteElo "2425"]
[BlackElo "2570"]
[Annotator "JvR"]
[PlyCount "100"]
[EventDate "1985.07.??"]
[SourceDate "2013.10.27"]

{The standings had become: Sokolov 5/6, Vaganian and Van der Wiel 41/2, Jansa
and Seirawan 4, Ljubojevic, Polugaevsky and Torre 31/2, etc.} 1. d4 d6 2. c4 g6
3. Nc3 Bg7 4. e4 Nc6 5. Be3 e5 6. d5 Nce7 7. g4 f5 8. gxf5 gxf5 9. Qh5+ Kf8 10.
exf5 $5 ({Theory is} 10. Bh3) 10... Nf6 $1 11. Qd1 (11. Qf3 $1 {
will become usual.}) 11... Nxf5 {Black controls the kingside.} 12. Bh3 Rg8 13.
Qd3 Nxe3 14. Qxe3 $5 Bh8 15. Nge2 $5 Ng4 $1 16. Bxg4 Rxg4 17. Qh6+ $2 ({
Preferable is} 17. b3) 17... Kg8 $1 18. b3 Bg7 19. Qe3 Bf5 $5 20. Ng3 Bg6 21.
O-O $6 Qh4 $1 22. f3 Rxg3+ $1 23. hxg3 Qxg3+ 24. Kh1 Rf8 25. Rf2 Bh5 26. Raf1
Rf4 27. Rg2 Bxf3 28. Rxf3 Qxf3 29. Qxf3 Rxf3 30. Nb5 $1 Rf1+ 31. Kh2 Kf7 $5 32.
Nxc7 e4 {Black advances his extra pawn.} 33. Re2 Be5+ 34. Kg2 Rf4 35. Ne6 Rg4+
36. Kf2 Ke7 37. Ke3 h5 38. Re1 Bh2 39. Rh1 Bg1+ 40. Ke2 h4 41. Nf4 $5 Rxf4 42.
Rxg1 h3 43. Ke3 Rh4 44. Rh1 Kf6 45. Kf2 Ke5 46. Kg3 Rh7 47. Rxh3 Rxh3+ 48. Kxh3
Kd4 49. Kg2 b6 50. Kf2 Kd3 {Seirawan scored well.} 0-1

[Event "Biel"]
[Site "18 Interzonal"]
[Date "1985.07.10"]
[Round "7"]
[White "Van der Wiel, John"]
[Black "Torre, Eugenio"]
[Result "0-1"]
[WhiteElo "2520"]
[BlackElo "2535"]
[Annotator "JvR"]
[PlyCount "116"]
[EventDate "1985.07.??"]
[SourceDate "2013.10.27"]

1. e4 e5 2. Nf3 Nc6 3. Bb5 a6 4. Ba4 Nf6 5. O-O Be7 6. Re1 b5 7. Bb3 d6 8. c3
O-O 9. a4 Bb7 10. d4 Na5 11. Bc2 c5 12. dxe5 dxe5 13. Nxe5 $5 ({Usual is} 13.
Qe2) 13... Nxe4 $5 14. axb5 axb5 15. Nd7 $5 {John attacks a rook.} ({
More solid is} 15. Qe2 $1 f5 16. Nd2) 15... Re8 $1 16. Bxe4 Bxe4 17. Rxe4 Ra7
$1 18. Nf6+ Bxf6 19. Rxe8+ Qxe8 {The result is an almost equal position.} 20.
Nd2 Re7 21. Rxa5 $2 ({Correct is} 21. Kf1) 21... Re1+ 22. Qxe1 Qxe1+ 23. Nf1 h5
24. Be3 Qe2 $1 25. Bxc5 Qxb2 {Black has a material advantage.} 26. Bb4 Qe2 27.
Ra8+ Kh7 28. Ra7 Kg6 29. Rd7 h4 30. h3 Bg5 31. Rd6+ f6 32. Rd7 f5 $1 33. Rd6+
Kf7 34. Rd7+ Kg8 35. Rd5 g6 36. Rd6 Kf7 37. Rd7+ Ke8 38. Rd6 Kf7 39. Rd7+ Ke8
40. Rd6 Be7 $1 {The game is adjourned.} 41. Rxg6 $2 {The resumption loses.} (
41. Rd2 $1 Qe1 42. Bxe7 Kxe7 43. Rd3 {
and White survives in a bastion (Torre and Kavalek).}) 41... Bxb4 42. cxb4 Qe7
43. Ne3 Qxb4 44. Rg5 Qe1+ 45. Kh2 Qxf2 46. Rxf5 Qg3+ (46... Qxe3 $2 47. Rxb5 {
draws.}) 47. Kh1 b4 48. Rf3 Qe1+ 49. Kh2 Qe2 50. Nd5 Qe5+ 51. Nf4 Kd7 52. Kh1
Kc7 53. Nd3 Qa1+ 54. Kh2 b3 55. Re3 Qd4 56. Rf3 Qa1 57. Nf4 b2 58. Nd5+ Kd6 {
Van der Wiel was outplayed at the end.} 0-1

[Event "Biel"]
[Site "18 Interzonal"]
[Date "1985.07.11"]
[Round "8"]
[White "Sokolov, Andrei"]
[Black "Van der Wiel, John"]
[Result "0-1"]
[WhiteElo "2555"]
[BlackElo "2520"]
[Annotator "JvR"]
[PlyCount "120"]
[EventDate "1985.07.??"]
[SourceDate "2013.10.27"]

1. e4 d6 2. d4 Nf6 3. Nc3 g6 4. Nf3 Bg7 5. Be2 O-O 6. O-O c6 7. Re1 Nbd7 8. Bf4
Qa5 $5 9. Qd2 e5 10. Bg5 $6 (10. dxe5 $5 dxe5 11. Bg5 {
was successful in Fernandez - Piket, Groningen 1985.}) 10... exd4 $1 11. Nxd4
Nxe4 12. Nxe4 Qxd2 13. Bxd2 d5 $1 14. Bb4 Rd8 $1 15. Nb5 $2 ({Better is} 15.
Nxc6 bxc6 16. Nc3) 15... dxe4 16. Nc7 $5 Rb8 17. Be7 $5 Rf8 $1 ({Not} 17... Bf6
$2 18. Bxd8 Bxd8 19. Ne8 $1 {(Ligterink).}) 18. Rad1 $5 Be5 $5 19. Bxf8 Kxf8
20. Bg4 f5 $1 21. Ne6+ Ke7 22. Ng5 $1 Nf6 23. Be2 Bxb2 {
Black has achieved a positional advantage.} 24. Bc4 b5 $1 25. Bf1 h6 26. Nf3 c5
$1 27. Re3 $5 Be6 28. Rb1 f4 $1 {He wins wonderfully.} 29. Re2 exf3 30. Rxe6+
$5 Kxe6 31. Rxb2 b4 32. gxf3 Ke5 33. Rb1 Kd4 34. Re1 Kc3 35. Re5 Rc8 36. Re6
Nd7 37. Re7 Rd8 38. Bb5 Nb6 39. Rxa7 Kxc2 40. Rg7 Rd5 41. Rb7 ({Or} 41. Rxg6
Rg5+ 42. Rxg5 hxg5) 41... Rg5+ 42. Kf1 Nd5 43. Rd7 Nc3 44. Bc4 Nb1 45. h4 Re5
46. Kg2 Na3 47. Bf7 c4 48. Bxg6+ Kb2 49. Rb7 Rb5 50. Rh7 c3 51. Rxh6 Rb6 $1 52.
Kh3 c2 53. Bxc2 Rxh6 54. Bb3 Nb5 55. Kg4 Nd4 56. Bd5 Rd6 57. Bc4 Rc6 58. Bd5
Rc5 59. Bf7 Rc7 60. Bd5 Rd7 {Van der Wiel recovered from the previous loss.}
0-1

[Event "Biel"]
[Site "18 Interzonal"]
[Date "1985.07.12"]
[Round "9"]
[White "Van der Wiel, John"]
[Black "Polugaevsky, Lev"]
[Result "1-0"]
[WhiteElo "2520"]
[BlackElo "2600"]
[Annotator "JvR"]
[PlyCount "77"]
[EventDate "1985.07.??"]
[SourceDate "2013.10.27"]

1. e4 c5 2. Nf3 Nc6 3. d4 cxd4 4. Nxd4 e6 5. Nc3 a6 6. Be2 d6 7. O-O Nf6 8. Kh1
Be7 9. f4 Qc7 10. Bf3 O-O 11. Nxc6 bxc6 12. Na4 Bb7 13. c4 c5 14. Nc3 Nd7 15.
Be3 Bc6 $5 (15... Bf6 16. Rc1 Rad8 {
was played in Cramling - Mortensen, Gladsaxe 1983.}) 16. Qc2 Bf6 17. Rad1 Rfd8
18. Rd3 $1 Bxc3 $6 ({Preferable is} 18... Rab8 19. Rfd1 Nf8) 19. Rxc3 Nf6 20.
Bf2 Rdb8 21. b3 a5 22. a4 Ne8 23. Qd3 Ra6 24. Re1 Rab6 25. Bd1 $1 Qb7 $6 ({
Better is} 25... Bb7 26. Bc2 e5) 26. Bc2 Nf6 27. Qe2 Ne8 {Black has no plan.}
28. Rg3 Qe7 29. Qd2 Ra6 $5 30. e5 $1 Rc8 31. Rh3 g6 32. f5 $1 dxe5 ({Or} 32...
Qb7 33. Bg3 exf5 34. exd6) 33. Qh6 $1 Nf6 34. Bh4 $1 Rc7 ({The pointe is} 34...
Ng4 35. Bxe7 Nxh6 36. Rxh6) 35. fxg6 fxg6 36. Qg5 Rd7 37. Rg3 Ne4 38. Qxe7
Nxg3+ 39. hxg3 {John showed himself as a killer of Russians.} 1-0

[Event "Biel"]
[Site "18 Interzonal"]
[Date "1985.07.15"]
[Round "11"]
[White "Seirawan, Yasser"]
[Black "Sax, Gyula"]
[Result "1-0"]
[WhiteElo "2570"]
[BlackElo "2535"]
[Annotator "JvR"]
[PlyCount "147"]
[EventDate "1985.07.??"]
[SourceDate "2013.10.27"]

1. d4 Nf6 2. c4 g6 3. Nc3 Bg7 4. e4 d6 5. f3 O-O 6. Be3 c5 7. d5 e6 8. Qd2 exd5
9. cxd5 a6 10. a4 Nbd7 11. Nh3 Ne5 12. Nf2 Bd7 $5 ({Known is} 12... Qa5) 13.
Be2 b5 $1 {Black sacrifices a pawn.} 14. axb5 axb5 15. Rxa8 Qxa8 16. Nxb5 Bxb5
17. Bxb5 Rb8 $1 18. Be2 Nfd7 $6 (18... Qa2 $5 19. Nd1 Nc4 20. Bxc4 Qxc4 21. Qe2
Qxe2+ 22. Kxe2 Nd7 {almost equalises.}) 19. Nd1 Qa4 20. Qc1 Nb6 21. Bd2 f5 22.
exf5 Qh4+ $6 ({Better is} 22... gxf5 23. O-O Nxd5) 23. Nf2 gxf5 24. O-O Nxd5
25. f4 $1 {Black has regained the pawn, but White has a positional plus.} Nf7
26. Bf3 Nb4 27. Qb1 Qf6 28. Bc3 Qg6 $5 29. Nd3 $5 Nd5 30. Bxd5 $1 Bxc3 31. Kh1
Kf8 32. Qa2 Bd4 33. Re1 Re8 34. Rxe8+ Kxe8 35. Ne1 Nd8 36. Nf3 Bf6 37. Qa4+ Kf8
38. Qd7 Be7 39. g3 h6 40. b3 Qf6 41. Bc4 Qg6 42. Kg2 $1 Qf6 43. h4 $5 Qb2+ 44.
Kh3 Qc2 $5 45. h5 $5 Qe4 46. Nh2 Nf7 47. Qe6 Qxe6 48. Bxe6 {
White is going to gain a pawn.} Nd8 49. Bxf5 Nc6 50. Be6 Bf6 51. Ng4 Bg7 52.
Ne3 Nd4 53. Bc4 Bf6 54. Nd5 Bd8 55. g4 Nc6 56. Kg2 Ne7 57. Ne3 Ba5 58. Kf3 Bc3
59. Ke4 Bd2 60. Be6 $1 d5+ $5 ({Or} 60... Bxe3 61. Kxe3 d5 62. g5 {(Stohl).})
61. Nxd5 Nxd5 62. Bxd5 Kg7 63. Kf5 Bc1 64. g5 Bd2 65. Bc6 Bc1 66. Be8 Bd2 67.
Bg6 Bc1 68. gxh6+ Kxh6 69. Ke5 Bd2 70. Be8 Bc1 71. f5 Kg5 72. Ke6 Bb2 73. Bb5
Bg7 74. Bc4 {Seirawan was on his way to qualification.} (74. Bc4 Bb2 75. h6 $1
Kxh6 76. f6 {wins for White.}) 1-0

[Event "Biel"]
[Site "18 Interzonal"]
[Date "1985.07.15"]
[Round "11"]
[White "Vaganian, Rafael"]
[Black "Van der Wiel, John"]
[Result "1-0"]
[WhiteElo "2625"]
[BlackElo "2520"]
[Annotator "JvR"]
[PlyCount "83"]
[EventDate "1985.07.??"]
[SourceDate "2013.10.27"]

1. d4 Nf6 2. c4 g6 3. Nf3 Bg7 4. g3 O-O 5. Bg2 d6 6. O-O Nc6 7. Nc3 a6 8. d5
Na5 9. Nd2 c5 10. Rb1 Rb8 11. b3 b5 12. Bb2 bxc4 13. bxc4 e6 $5 ({
More active is} 13... Bh6 $1 14. Ba1 Bf5) 14. Ba1 $1 Rb4 15. a3 Rxb1 16. Qxb1
exd5 $6 ({Preferable is} 16... e5) 17. Nxd5 Bf5 18. Qb2 Nh5 19. Qa2 Nf6 20. Qb2
Nh5 21. Qc1 Nf6 22. Bc3 Nxd5 23. Bxd5 Re8 24. Bxg7 Kxg7 25. Qc3+ f6 26. e3 $5
Qc7 $5 {Black has a passive position.} 27. f3 $1 Bh3 28. Rb1 Bf5 29. Rb2 h5 30.
Kg2 Nc6 31. h3 Qd7 $2 ({Correct is} 31... g5 $1 32. Ne4 Bxe4 33. Bxe4 Re7) 32.
Rb6 ({Vaganian rejected} 32. g4 $5 hxg4 33. hxg4 Bxg4 $1) 32... Ne7 33. Rb7
Bxh3+ 34. Kh2 $1 Qf5 35. Bc6 Kf7 36. e4 Qc8 37. Bxe8+ Kxe8 38. Rb6 Qe6 39. Qd3
Kd7 40. Nb3 Kc7 41. Rxa6 Nc6 42. Qd5 {Vaganian almost qualified.} 1-0